Statistics for Jeopardy #8507

Click here to take the quiz!

General Stats

  • This quiz has been taken 39 times
  • The average score is 10 of 61

Answer Stats

CategoryCashClueAnswer% Correct
MOVIE REWARDS$200Jamal wins 20 million rupees after getting the final question right in this 2008 movieSlumdog Millionaire
63%
MOVIE REWARDS$600In a 1994 film this character receives a Medal of Honor from LBJ after being wounded "in the buttocks"Forrest Gump
58%
CROSSWORD CLUES "H"$600God of the underworld (5 letters)Hades
58%
ANOTHER ONE BITES THE CRUST$400In 1995 Pizza Hut introduced original stuffed crust pizza, stuffed with "100% real" this cheesemozzarella
58%
MOVIE REWARDS$800In "Never Say Never Again", this Bond actor settles for a dance with Kim Basinger after winning a game vs. the villainous LargoSean Connery
50%
THE BEGINNING$400With about 240 athletes from 14 countries, the modern Olympics began in this year in Athens, Greece1896
46%
MOVIE REWARDS$400In "Brave", Merida discovers a loophole & "wins" her own hand in marriage through a contest in this sportarchery
46%
THE END$200"He had won the victory over himself. He loved Big Brother"1984
42%
THE BEGINNING$200When the U.N. was founded, Gladwyn Jebb of the U.K. did this job in an acting capacity from October 1945 through January 1946Secretary-General
42%
CROSSWORD CLUES "H"$400Songbook for Sunday (6 letters)a hymnal
38%
POTPOURRI$800Extremely cold & difficult to store, this gas is prone to shortages, like one in 2019 that made life tough for Party City storeshelium
38%
CROSSWORD CLUES "H"$200Tights & stockings (7 letters)hosiery
38%
THE END$400"God bless us, every one!"A Christmas Carol
29%
POTPOURRI$400Many Australians celebrate this holiday in a homegrown way with a chocolate bilby; that's a marsupialEaster
29%
ANOTHER ONE BITES THE CRUST$200I want some more key lime pie, especially with a crust made using these Honey Maid itemsgraham crackers
29%
MOVIE REWARDS$1000At the end of a 2009 movie this title guy is offered his dream job but instead continues to protect shoppers at the West Orange PavilionPaul Blart: Mall Cop
29%
SOME CREATURES GREAT & SMALL$1600The black species of this African mammal vulnerable to poaching is recovering from a 98% drop in its numbersthe rhino
25%
SOME CREATURES GREAT & SMALL$400Silk from the orb-weaver type of this animal can be packed so densely that it has been used to make violin stringsa spider
21%
CROSSWORD CLUES "H"$800A daily in Miami (6 letters)Herald
21%
FIRST NAMES WITH CHARACTER$1600Dwayne Johnson named a daughter this, also the first Black Disney princessTiana
21%
ANOTHER ONE BITES THE CRUST$600It's French for "in crust" & salmon is one food often prepared comme çaen croûte
17%
CROSSWORD CLUES "H"$1000Shaggy-haired & bewhiskered (7 letters)hirsute
17%
THE END$1000"Oh, my girls, however long you may live, I never can wish you a greater happiness than this!"Little Women
17%
POTPOURRI$600The 1921 book "The Witch-Cult in Western Europe" sets 13 as the number of members in this groupa coven
13%
POTPOURRI$200After his wife had a terrifying jump with an automatically deploying parachute, Floyd Smith invented this manual releasea rip cord
13%
THE BEGINNING$1000Around 650 B.C.Greek colonists founded a city on the Bosporus that they called this; it would later be the capital of empiresByzantium
13%
SOME CREATURES GREAT & SMALL$800Heavy poaching of Persian gazelles contributed to the near extinction of the Asiatic cheetah, mainly found in this countryIran
13%
FIRST NAMES WITH CHARACTER$800The daughter of Michelle Williams & Heath Ledger is named for this Roald Dahl bookMatilda
13%
ANOTHER ONE BITES THE CRUST$800The Washington Post noted, "The thinner the wrapper, the flakier the crust" in this "seasonal" Chinese appetizerspring rolls
13%
FIRST NAMES WITH CHARACTER$1200In the U.S., this first name from "Gone with the Wind" is more often given to girls, but boy band & Broadway star Parker Angel has itAshley
8%
ANOTHER ONE BITES THE CRUST$1000A Pillsbury recipe offers up their original crescent rolls for a crisp crust enclosing tenderloin steaks in this dish for 2Beef Wellington
8%
WORLD CITIES$400An important industrial center, this city is also home to the Welsh central governmentCardiff
8%
ART CRITICS$800After seeing a painting by Monet, critic Louis Leroy derisively gave this movement its nameImpressionism
8%
WORLD CITIES$1600In 1961 Stalingrad was renamed this, for the river on which it liesVolgograd
8%
LET'S TALK BUSINESS$1200It's the horticultural term for a largely unregulated private partnership group using speculative investment strategya hedge fund
4%
SOME CREATURES GREAT & SMALL$1200With feathers that look like quills sticking from its head, a predatory bird of Africa had this office worker namea secretarybird
4%
WORLD CITIES$800Mohammed V Square is the central plaza in this city but you probably won't find any gin joints thereCasablanca
4%
WORLD CITIES$2000Argentina's second-largest city is named for this Spanish city; both are known for their leatherCórdoba
4%
ART CRITICS$400In a 1435 essay Leon Battista Alberti declared that an art renaissance was occurring in this city of LeonardoFlorence
4%
POTPOURRI$1000When MLB pitcher Jim Gott faced batter Tim Teufel, in German it was a confrontation of these 2 beingsGod & the Devil
4%
1970s SONGSN/AIn 1976 "Bohemian Rhapsody" was replaced at No. 1 on the U.K. charts by this Europop song whose title is heard in Queen's lyrics"Mamma Mia"
4%
ART CRITICS$1200Lawrence Alloway is credited with this 2-word term for work that uses comic strips, soup cans & the like as subject matterpop art
4%
FIRST NAMES WITH CHARACTER$400This sister of Rumer & Tallulah Willis was named for a character in "To Kill a Mockingbird"Scout
4%
WORLD CITIES$1200Seen here is the coat of arms of this German city whose name derives from a 10th century stud farmStuttgart
4%
LET'S TALK BUSINESS$400As the name implies, even for a giant company it can be a single page showing a business' assets & liabilitiesthe balance sheet
4%
2-WORD PALINDROMES$1200An eager female opera staran avid diva
0%
LET'S TALK BUSINESS$2000Some traders specialize in this, the simultaneous buying & selling of the same asset at different prices in different marketsarbitrage
0%
2-WORD PALINDROMES$2000A Papeete porkpiea Tahiti hat
0%
ART CRITICS$1600Christopher Knight criticizes museums as shortsighted for funding operations by selling art--in museum-speak, this "de"-verbdeaccessioning
0%
LET'S TALK BUSINESS$800If rate of yield fails to increase in proportion to investment beyond a certain point, you get these declining 2-word profitsdiminishing returns
0%
2-WORD PALINDROMES$1600A sleepy scimitardrowsy sword
0%
LET'S TALK BUSINESS$1600As the name suggests, when buying a home it's a deposit paid to the seller to demonstrate a buyer's good faithearnest money
0%
2-WORD PALINDROMES$800A guanaco relative's shopping complexllama mall
0%
THE END$600"It was the devious-cruising Rachel, that in her retracing search after her missing children, only found another orphan"Moby-Dick
0%
SOME CREATURES GREAT & SMALL$2000This duck seen here sounds like it's named for a Russian placeMuscovy
0%
ART CRITICS$2000Clement Greenberg said the 1943 work "Mural" showed this man was the greatest painter the U.S. had producedPollock
0%
FIRST NAMES WITH CHARACTER$2000Known for period dramas like George Eliot adaptations, actress Garai has this first name of an Eliot title characterRomola
0%
2-WORD PALINDROMES$400Intelligent streetcarssmart trams
0%
THE END$800"Aunt Sally she's going to adopt me and sivilize me and I can't stand it. I been there before"The Adventures of Huckleberry Finn
0%
THE BEGINNING$800A short film by these brothers of workers leaving a factory is considered the world's first motion picturethe Lumières
0%
THE BEGINNING$600This body first assembled Feb. 1, 1790, but John Jay had to postpone actual proceedings a day as not all the members had made itthe Supreme Court
0%

Score Distribution

Percentile by Number Answered

Percent of People with Each Score

Your Score History

You have not taken this quiz